| 000 | 01019cam a22003017a 4500 | ||
|---|---|---|---|
| 001 | 13614264 | ||
| 003 | CEME | ||
| 005 | 20210628201542.0 | ||
| 008 | 040604s2004 nyua 001 0 eng d | ||
| 010 | _a 2004300420 | ||
| 020 | _a0824750543 | ||
| 035 | _a(OCoLC)ocm55021430 | ||
| 040 |
_aGAT _cGAT _dOCLCQ _dDLC |
||
| 042 | _alccopycat | ||
| 050 | 0 | 0 |
_aTK7872.R35 _bS48 2004 |
| 100 | 1 |
_aShepherd, W. _q(William), _d1928- _955785 |
|
| 245 | 1 | 0 |
_aPower converter circuits / _cWilliam Shepherd, Li Zhang. |
| 260 |
_aNew York : _bMarcel Dekker, _cc2004. |
||
| 300 |
_aix, 538 p. : _bill. ; _c24 cm. |
||
| 440 | 0 |
_aElectrical and computer engineering ; _v119 _955786 |
|
| 500 | _aIncludes index. | ||
| 650 | 0 |
_aElectric current rectifiers. _91010 |
|
| 650 | 0 |
_aElectric inverters. _955787 |
|
| 650 | 0 |
_aPower electronics _xEquipment and supplies. _955788 |
|
| 700 | 1 |
_aZhang Crowther, Li. _955789 |
|
| 856 | 4 | 2 |
_3Publisher description _uhttp://www.loc.gov/catdir/enhancements/fy0647/2004300420-d.html |
| 942 |
_2ddc _cBK |
||
| 999 |
_c566472 _d566472 |
||